উপন্যাস সমগ্র / (Record no. 63465)
[ view plain ]
| 000 -LEADER | |
|---|---|
| fixed length control field | 01150nam a2200301 a 4500 |
| 001 - CONTROL NUMBER | |
| control field | 63465 |
| 003 - CONTROL NUMBER IDENTIFIER | |
| rucl marc code | BD-RjUL |
| 005 - DATE AND TIME OF LATEST TRANSACTION | |
| control field | 20211209081211.0 |
| 008 - FIXED-LENGTH DATA ELEMENTS--GENERAL INFORMATION | |
| fixed length control field | 170130r20111999ii ||||| |||| 00| 0 ben d |
| 020 ## - INTERNATIONAL STANDARD BOOK NUMBER | |
| International Standard Book Number | 817215884X |
| Terms of availability | : IRs 350.00 |
| International Standard Book Number | 8177560859 (V-3) |
| Terms of availability | : IRs.250.00 |
| International Standard Book Number | 8177562703 (V-5) |
| Terms of availability | : IRs.300.00 |
| International Standard Book Number | 8177563491 (V-6) |
| Terms of availability | : IRs.350.00 |
| International Standard Book Number | 8177564315 (V-7) |
| Terms of availability | : IRs.400.00 |
| 035 ## - SYSTEM CONTROL NUMBER | |
| System control number | (BD-RjUL) 63594 |
| 040 ## - CATALOGING SOURCE | |
| Original cataloging agency | BD-RjUL |
| Language of cataloging | ben |
| Transcribing agency | BD-RjUL |
| Modifying agency | BD-RjUL |
| 041 ## - LANGUAGE CODE | |
| Language code of text/sound track or separate title | ben |
| 082 ## - DEWEY DECIMAL CLASSIFICATION NUMBER | |
| Edition number | 23 |
| Classification number | 891.44308 |
| Author mark and year | KAU 2011 |
| 100 ## - MAIN ENTRY--PERSONAL NAME | |
| Personal name | কর, বিমল |
| 9 (RLIN) | 188777 |
| 245 10 - TITLE STATEMENT | |
| Title | উপন্যাস সমগ্র / |
| Statement of responsibility, etc. | বিমল কর |
| 250 ## - EDITION STATEMENT | |
| Edition statement | ১ম সং. |
| 260 ## - PUBLICATION, DISTRIBUTION, ETC. (IMPRINT) | |
| Place of publication, distribution, etc. | কলিকাতা : |
| Name of publisher, distributor, etc. | আনন্দ, |
| Date of publication, distribution, etc. | ১৯৯৯-২০১১. |
| 300 ## - PHYSICAL DESCRIPTION | |
| Pagination | খণ্ড. ; |
| Size | ২৩ সেমি. |
| 505 0# - FORMATTED CONTENTS NOTE | |
| Formatted contents note | খণ্ড ১ -- খণ্ড ৩ -- খণ্ড খন্ড.-৪-- ৫ -- খণ্ড ৬ -- খণ্ড ৭ -- |
| 650 ## - SUBJECT ADDED ENTRY--TOPICAL TERM | |
| Topical term or geographic name as entry element | বাংলা উপন্যাস |
| General subdivision | সংগ্রহ |
| 9 (RLIN) | 170370 |
| Topical term or geographic name as entry element | Bengali Fictions |
| General subdivision | Collections |
| 9 (RLIN) | 188778 |
| 942 ## - ADDED ENTRY ELEMENTS (KOHA) | |
| Source of classification or shelving scheme | Dewey Decimal Classification |
| Koha item type | Books |
| Lost status | Source of classification or shelving scheme | Damaged status | Not for loan | Collection code | Permanent Location | Current Location | Shelving location | Date acquired | Source of acquisition | Cost, normal purchase price | Total Checkouts | Full call number | Date last seen | Copy number | Koha item type |
|---|---|---|---|---|---|---|---|---|---|---|---|---|---|---|---|
| Dewey Decimal Classification | Not For Loan | Fiction | Central Library, University of Rajshahi | Central Library, University of Rajshahi | Reading Room | 07/07/2013 | Space Marketing Com.,Dhaka | 785.72 | B 891.44308 KAU V-1 2011 | 30/01/2017 | C-1 | Books | |||
| Dewey Decimal Classification | Not For Loan | Fiction | Central Library, University of Rajshahi | Central Library, University of Rajshahi | Reading Room | 07/07/2013 | Space Marketing Com.,Dhaka | 785.72 | B 891.44308 KAU V-2 2009 | 30/01/2017 | C-1 | Books | |||
| Dewey Decimal Classification | Not For Loan | Fiction | Central Library, University of Rajshahi | Central Library, University of Rajshahi | Reading Room | 07/07/2013 | Space Marketing Com.,Dhaka | 785.72 | B 891.44308 KAU V-5 2002 | 30/01/2017 | C-1 | Books | |||
| Dewey Decimal Classification | Not For Loan | Fiction | Central Library, University of Rajshahi | Central Library, University of Rajshahi | Reading Room | 07/07/2013 | Space Marketing Com.,Dhaka | 785.72 | B 891.44308 KAU V-3 2000 | 30/01/2017 | C-1 | Books | |||
| Dewey Decimal Classification | Not For Loan | Fiction | Central Library, University of Rajshahi | Central Library, University of Rajshahi | Reading Room | 07/07/2013 | Space Marketing Com.,Dhaka | 785.72 | B 891.44308 KAU V-7 2008 | 30/01/2017 | C-1 | Books | |||
| Dewey Decimal Classification | Not For Loan | Fiction | Central Library, University of Rajshahi | Central Library, University of Rajshahi | Reading Room | 07/07/2013 | Space Marketing Com.,Dhaka | 785.72 | B 891.44308 KAU V-6 2003 | 30/01/2017 | C-1 | Books | |||
| Dewey Decimal Classification | Not For Loan | Non-fiction | Central Library, University of Rajshahi | Central Library, University of Rajshahi | Reading Room | 09/12/2021 | Space Marketing Communication, Dhaka | 785.72 | B 891.44308 KAU V-4 2001 | 30/04/2017 | C-1 | Books |